书目信息 |
| 题名: |
怎样下国际象棋
|
|
| 作者: | 高平 主编 | |
| 分册: | ||
| 出版信息: | 苏州 苏州大学出版社 1998.12 |
|
| 页数: | 136页 | |
| 开本: | 32开 | |
| 丛书名: | ||
| 单 册: | ||
| 中图分类: | G891 | |
| 科图分类: | ||
| 主题词: | 文娱性体育活动 | |
| 电子资源: | ||
| ISBN: | 7-81037-483-4 | |
| 000 | 00547nam0 2200193 45 | |
| 001 | 0009301883 | |
| 005 | 20000930183903.3 | |
| 010 | @a7-81037-483-4@d6.00元 | |
| 100 | @a20000930d1998 km y0chiy0120 ea | |
| 101 | 0 | @achi |
| 105 | @a z 000yy | |
| 200 | 1 | @a怎样下国际象棋@AZen Yang Xia Guo Ji Xiang Qi@f高平主编@FGao Ping Zhu Bian |
| 210 | @a苏州@c苏州大学出版社@d1998.12 | |
| 215 | @a136页@d32开 | |
| 606 | 0 | @a文娱性体育活动 |
| 690 | @aG891@v3 | |
| 701 | 0 | @a高平@4主编 |
| 801 | @aCN@bPftUser@c20000930 | |
| 905 | @b164483-492@dG891@eG.535@f10 | |
| 怎样下国际象棋/高平主编.-苏州:苏州大学出版社,1998.12 |
| 136页;32开 |
| ISBN 7-81037-483-4:6.00元 |
| ● |
| 相关链接 |
|
|
|
正题名:怎样下国际象棋
索取号:G891/G.535
 
预约/预借
| 序号 | 登录号 | 条形码 | 馆藏地/架位号 | 状态 | 备注 |
| 1 | 164483 | 201644836 | 社科二线422/409社科库 27排4列1层/ [索取号:G891/G.535] | 在馆 | |
| 2 | 164484 | 201644845 | 社科二线422/409社科库 27排4列1层/ [索取号:G891/G.535] | 在馆 | |
| 3 | 164485 | 201644854 | 社科二线422/309社科库 37排4列4层/ [索取号:G891/G.535] | 在馆 | |
| 4 | 164486 | 201644863 | 社科二线422/409社科库 27排4列1层/ [索取号:G891/G.535] | 在馆 | |
| 5 | 164487 | 201644872 | 社科二线422/409社科库 27排4列1层/ [索取号:G891/G.535] | 在馆 | |
| 6 | 164488 | 201644881 | 社科库409/409社科库 27排4列1层/ [索取号:G891/G.535] | 在馆 | |
| 7 | 164489 | 201644890 | 社科库409/409社科库 27排4列1层/ [索取号:G891/G.535] | 在馆 | |
| 8 | 164490 | 201644907 | 社科库409/409社科库 27排4列1层/ [索取号:G891/G.535] | 在馆 | |
| 9 | 164491 | 201644916 | 社科库409/309社科库 37排4列4层/ [索取号:G891/G.535] | 在馆 | |
| 10 | 164492 | 201644925 | 社科二线422/409社科库 27排4列1层/ [索取号:G891/G.535] | 在馆 |